1786 1888 1067 1655 1053 1749 1535 1475 1975 1149 1614 1489 1224 1748 1418 1421 1008 1257 1617 1964 1612 1653 1684 1741 1477 1269 1758 1403 1141 1439 1531 1764 1168 1614 1933 1455 1290 1692 1237 1632 1323 1805 1660 1063 1358 1361 1362 1428 1146 1315 1619 1624 1880 1883 1749 1831 1415 1152 1844 1877 1718 1089 1362 1610 1559 1588 1697 1087 1528 1694 1485 1348 1160 1975 1717 1204 1088 1515 1812 1960 1050 1549 1760 1324 1607 1565 1542 1992 1414 1706 1817 1565 1205 1356 1204 1388 1863 1002 1574 BCNSPRNW ULIB Ver.6.0+V

เปลี่ยนเป็นภาษาไทย

Change to English
 แสดงรายละเอียดบรรณานุกรม
  กลับหน้าหลัก

Brief Record : Get Marc (ISO 2709) : E-mail record : QR code < ปิดหน้าต่าง
LEADER : 00000nam 2200000uu 4500
001    13399120010
003     ULIB
008    110622s2550||||th 000 0 tha d
020    9749333586
020    9789749333587
060 04 QT225^bซ319ค
100 1  ทาร์กอส, ซินดี้
245 10 เคล็ดลับออกกำลังกายให้มีหน้าอกสวย =^bYour Best Bust /^cเขียนโดย ซินดี้ ทาร์กอส ; บรรณาธิการ วาริน นิลศิริสุข
246 31 Your Best Bust
250    พิมพ์ครั้งที่ 1
260    กรุงเทพฯ :^bBear Publishing,^c2550
300    135 หน้า :^bภาพประกอบ ;^c21 ซม.
650  7 กายบริหาร
650  7 การออกกำลังกาย
650  7 หน้าอก
700 0  วาริน นิลศิริสุข,^eบรรณาธิการ
945    ^p135^l0^i14316
995    ทศพร
999 ^a ใช้งานได้ทุกระบบ
รายการนี้ยังไม่มีแท็ก
คุณยังไม่ได้ล็อกอิน คุณสามารถมีกิจกรรมร่วมกับเว็บไซต์ได้ แต่ต้องล็อกอินก่อน ::
  ล็อกอิน

รายการสื่อสารสนเทศ

ลำดับที่ ประเภท เลขเรียก/บาร์โค้ด สถานที่ สถานะ
- ไม่พบข้อมูล -

รายการใกล้เคียง
    ผู้แต่ง [ทาร์กอส, ซินดี้]

    หัวเรื่อง [กายบริหาร]
    หัวเรื่อง [การออกกำลังกาย]
    หัวเรื่อง [หน้าอก]

BibComment


ยังไม่เคยถูกคอมเมนท์

คอมเมนท์ทรัพยากรรายการนี้
  คอมเมนท์: เคล็ดลับออกกำลังก..


 Copyright 2026. Bcnsprnw @Library